000 00336nam a2200145Ia 4500
003 OSt
005 20240302142747.0
008 170523s9999 xx 000 0 und d
020 _a978-0133565447
040 _cIIMTU
100 _aPRATLEY- PETER
245 4 _aTHE ESSENCE OF BUSINESS ETHICS
260 _bNEW DELHI PHI
942 _2ddc
_c02
999 _c855
_d855